Which Year? - Harry Potter - Statistics

General Stats
  • This quiz has been taken 46 times
  • The average score is 11 of 20
Answer Stats
Question Answer % Correct
Which year was Remus Lupin born? 1960
100%
Which year did Lord Voldemort ask Albus Dumbledore for a teaching job at Hogwarts? 1967
100%
Which year did Harry Potter start at Hogwarts? 1991
100%
Which year was Sirius Black killed? 1996
100%
Which year was the Chamber of Secrets first opened? 1943
75%
Which year did Percy Weasley start at Hogwarts? 1987
75%
Which year did Dementors attack Harry and Dudley in Little Whinging? 1995
75%
Which year did Albus Potter start at Hogwarts? 2017
75%
Which year was Ariana Dumbledore killed? 1899
50%
Which year was Newt Scamander expelled from Hogwarts? 1913
50%
Which year was the Whomping Willow planted? 1971
50%
Which year was Cedric Diggory born? 1977
50%
Which year did Hermione Granger become Minister for Magic? 2020
50%
Which year was Hogwarts founded? 990 A.D
50%
Which year was Tom Riddle Sr. tricked into marrying Merope Gaunt? 1925
25%
Which year was Lucius Malfoy born? 1954
25%
Which year was Regulus Arcturus Black killed by Inferi? 1979
25%
Which year did Charlie Weasley leave England to go to Romania? 1990
25%
Which year was Dobby made a free elf? 1993
25%
Which year does Lord Voldemort turn the Hufflepuff Cup into a Horcrux by killing Hepzibah Smith? 1956
0%
No matching quizzes found
Score Distribution
Percent of People with Each Score
Percentile by Number Answered
Your Score History
You have not taken this quiz